000
00226nam a2200097Ia 4500
008
190216s9999||||xx |||||||||||||| ||und||
100
_a
Muttathu Varkey
245
0
_a
Puthiya Kovil
260
_b
Current Books
942
_c
BK
999
_c
26726
_d
26726